00541nam a22001937a 45000010005000000030009000050050017000140070005000310080036000360200015000720400022000870820015001092450042001242600059001663000032002255000021002575000037002785050032003150185DO-SdBNP20180223140518.00185151005b 200 1982 xxu a 00| 0 spa d a0716601826 aBPMSUbspacBPMSU 4axxxxbxxxx00aChildcraftbthe how and why library / aChicago :bWold book-childcraft international, c1982. av. :bil., retrs. ;c26 cm. aIncluye índice aLa biblioteca posee el volumen 1 gv 1 :tPoems and rhymes --